000 00870cab a2200205 4500
001 ABS40424
008 090401t1989 xxu||||| |||| 00| 0 eng d
035 _a(Sirsi) u23738
041 _aeng
100 _aLizieri, C.
245 _aHow capital value rating adds up
260 _c1989
350 _a0
490 _aRating and Valuation Association Monthly
_vFebruary 1989, 42-54(3)
520 _aSummarises research at City University into the merits of capital value rating compared with the current rating system. The study indicates that a switch from rental values to capital values as a basis for rating would result in a local taxation system that is more redistributive in relation to property values, household income and regional economic well-being.
650 _aRATING REFORM
690 _aRATING AND VALUATION
942 _n0
948 _c04/03/1997
999 _c15891
_d15891